Statistics for Flagship Universities

Click here to take the quiz!

General Stats

  • This quiz has been taken 11 times
  • The average score is 11 of 14

Answer Stats

University of... Location % Correct
TexasAustin
100%
NebraskaLincoln
91%
ColoradoBoulder
91%
NevadaReno
91%
North CarolinaChapel Hill
91%
WisconsinMadison
91%
CaliforniaBerkeley
82%
MarylandCollege Park
82%
New YorkBuffalo
82%
MassachusettsAmherst
73%
AlaskaFairbanks
64%
IndianaBloomington
64%
IllinoisUrbana-Champaign
55%
HawaiiManoa
36%

Score Distribution

Percentile by Number Answered

Percent of People with Each Score

Your Score History

You have not taken this quiz